000 00536nam a2200217Ia 4500
003 OSt
005 20220926034943.0
006 a|||||r|||| 00| 0
007 ta
008 220923b |||||||| |||| 00| 0 eng d
037 _cGeneral Book
040 _aRTL
_cRTL
_beng
041 _2eng
_aeng
082 _aX:8F, J44
100 _aCousins Donald Ed.
_9341530
245 0 _aAccounting field
260 _c1954
650 _aBudgeting
942 _hX:8F, J44
_cGB
_2CC
999 _c660878
_d660878